Periodismo especializado

Salvato in:
Dettagli Bibliografici
Autore principale: Fernández del Moral, Javier (Autore)
Natura: Libro
Lingua:spagnolo
Pubblicazione: Barcelona Ariel 2004
Edizione:1a. ed
Serie:Ariel Comunicación
Soggetti:
Tags: Aggiungi Tag
Nessun Tag, puoi essere il primo ad aggiungerne!!

MARC

LEADER 00000nam a2200000 a 4500
001 UCL9227
003 CL-VaPUC
008 040730e20040000SP |||||||||||||||||spa|d
020 |a 8434413027 
082 0 4 |a 070.449  |b FER  |2 21 
100 0 |a Fernández del Moral, Javier  |e author  |9 487024 
245 1 0 |a Periodismo especializado 
250 |a 1a. ed 
300 |a 498 p 
942 |c BK 
945 |d 20040730 00:00:00  |a cmena 
260 |a Barcelona  |b Ariel  |c 2004 
650 0 |a Periodismo   |9 310113 
650 0 |a Sociología del conocimiento  |9 308651 
650 0 |a Gestión del conocimiento  |9 469524 
650 0 |a Medios de comunicación  |9 257206 
650 0 |a Fuentes de información   |9 337538 
650 0 |a Investigación periodística  |9 386006 
583 |a last modification  |c 20040730 00:00:00  |k Rodrigo Vera 
490 0 |a Ariel Comunicación 
999 |c 310091  |d 310089 
952 |0 0  |1 0  |4 0  |6 070_449000000000000_FER_2004  |7 0  |8 A  |9 378177  |a FDOPOS  |b FDOPOS  |d 2019-11-21  |i 4042549  |o 070.449 FER 2004  |p 4042549  |r 2025-01-22  |w 2019-11-21  |y BK  |k MLA